Top 10 countries with most cats - Statistics

General Stats
  • This quiz has been taken 115 times
  • The average score is 9 of 10
Answer Stats
Rank N. of cats Answer % Correct
#2 53 mln China
97%
#1 76,5 mln United States
97%
#8 7,75 mln Germany
93%
#6 9,5 mln France
92%
#7 7,75 mln United Kingdom
91%
#3 12,5 mln Russia
88%
#10 7,25 mln Japan
87%
#5 9,5 mln Italy
84%
#4 12,5 mln Brazil
78%
#9 7,5 mln Ukraine
55%
No matching quizzes found
Score Distribution
Percent of People with Each Score
Percentile by Number Answered
Your Score History
You have not taken this quiz